Solid state physics: problems and solutions
Uloženo v:
| Hlavní autoři: | , |
|---|---|
| Médium: | Kniha |
| Jazyk: | angličtina |
| Vydáno: |
Weinheim
Wiley-VCH
2004
|
| Vydání: | 1a. ed |
| Edice: | Physics Textbook
|
| Témata: | |
| Tagy: |
Přidat tag
Žádné tagy, Buďte první, kdo vytvoří štítek k tomuto záznamu!
|
MARC
| LEADER | 00000nam a2200000 a 4500 | ||
|---|---|---|---|
| 001 | UCH7851 | ||
| 003 | CL-VaPUC | ||
| 008 | 091126e20040000GW |||||||||||||||||eng|d | ||
| 020 | |a 9780471152873 | ||
| 082 | 0 | 4 | |a 530.41 |b MIH |2 21 |
| 100 | |a Mihály, László |e autor |9 544224 | ||
| 700 | 0 | |a Martin, Michael C |e author |9 544225 | |
| 245 | 1 | 0 | |a Solid state physics: problems and solutions |
| 250 | |a 1a. ed | ||
| 300 | |a 261 p | ||
| 942 | |c BK | ||
| 945 | |d 20091126 00:00:00 |a cmena | ||
| 260 | |a Weinheim |b Wiley-VCH |c 2004 | ||
| 650 | 0 | |a Física del estado solido |9 315365 | |
| 650 | 0 | |a Matemáticas aplicadas |9 342401 | |
| 650 | 0 | |a Problemas, ejercicios, etc |9 259377 | |
| 650 | 0 | |a Funciones (Matemáticas) |9 338128 | |
| 583 | |a last modification |c 20091126 00:00:00 |k Rodrigo Vera | ||
| 490 | 0 | |a Physics Textbook | |
| 999 | |c 338197 |d 338195 | ||
| 952 | |0 0 |1 0 |4 0 |6 530_410000000000000_MIH_2004 |7 0 |8 A |9 431063 |a BIBCUR |b BIBCUR |d 2019-11-22 |i 4622073 |o 530.41 MIH 2004 |p 4622073 |r 2025-04-22 |w 2019-11-22 |y BK |k DCF | ||